banner-ar

طب العيون فى الحضارة الاسلامية : (Record no. 60489)

MARC details
000 -الفاتح
حقل البيانات ثابتة الطول 01162nam a2200313 4500
005 - وقت وتاريخ اخر تعامل مع التسجيلة
رقم الضبط 20240530110412.0
008 - عناصر البيانات ثابتة الطول - معلومات عامة
حقل البيانات ثابتة الطول 150222s2011 ua f b 000 0 ara d
017 ## - رقم الايداع القانونى
رقم الايداع القانونى 14657/2010
المصدر ( الهيئة المختصة) مصر . دار الكتب المصرية
020 ## - الرقم الدولى المعيارى للكتب
الرقم الدولى المعيارى للكتاب 8554560521
040 ## - مصدر الفهرسة
وكالة الفهرسة الأصلية EG-CaGPL
041 0# - رمز اللغة
رمز لغة النص/ المسارات الصوتية أو العنوان الانفرادي ara
082 04 - رقم تصنيف ديوى العشرى
رقم الطبعة 21
رقم التصنيف 617.7\
رقم المادة خ ط
100 0# - المدخل الرئيسى - إسم شخصى
الإسم الشخصى خالد احمد حسنين على حربى
245 10 - بيان العنوان
العنوان طب العيون فى الحضارة الاسلامية :
بقية العنوان اسس واكتشافات /
بيان المسئوليه,etc تاليف وتحقيق خالد احمد حسنين على حربى
260 ## - PUBLICATION, DISTRIBUTION, ETC. (IMPRINT)
تاريخ النشر أو التوزيع 2011
300 ## - الوصف المادى
التعداد 348 ص ؛
أبعاد الوعاء 24 سم
504 ## - تبصرة ببليوجرافية
تبصرة ببليوجرافية,الخ ببليوجرافية : ص 335 - 338
600 04 - المدخل الاضافى بالموضوع-اسم شخصى
الإسم الشخصى البصرى
600 04 - المدخل الاضافى بالموضوع-اسم شخصى
الإسم الشخصى الدمشقى
600 04 - المدخل الاضافى بالموضوع-اسم شخصى
الإسم الشخصى الطبرى
600 04 - المدخل الاضافى بالموضوع-اسم شخصى
الإسم الشخصى الرازى
600 04 - المدخل الاضافى بالموضوع-اسم شخصى
الإسم الشخصى ابن سينا
650 04 - المدخل الاضافى بالموضوع-مصطلح موضوعى
مصطلح موضوعي طب العيون
650 04 - المدخل الاضافى بالموضوع-مصطلح موضوعى
مصطلح موضوعي طب العيون
التقسيم الفرعي العام تاريخ
التقسيم الفرعي الزمني الحضارة الاسلامية
650 04 - المدخل الاضافى بالموضوع-مصطلح موضوعى
مصطلح موضوعي العين
التقسيم الفرعي العام امراض
650 04 - المدخل الاضافى بالموضوع-مصطلح موضوعى
مصطلح موضوعي اطباء العيون
التقسيم الفرعي العام تاريخ
942 ## - عناصر المدخل الإضافي( كوها)
مصدر التصنيف او مخطط الترفيف Dewey Decimal Classification
Koha [default] item type كتاب
260 ## - PUBLICATION, DISTRIBUTION, ETC. (IMPRINT)
-- الاسكندرية :
-- المكتب الجامعى الحديث ،
Holdings
حالة التراجع حالة الفقد حالة تلف ليس للاعارة المكان المؤقت الموقع الحالى تاريخ الاكتساب اجمالي اﻻعارات رقم الطلب الباركود تاريخ اخر مشاهدة تاريخ تفعيل السعر نوع وعاء كوها
        مكتبة القاهرة الكبرى مكتبة القاهرة الكبرى 02/22/2015   617.7\ خ ط 159553 02/22/2015 02/22/2015 كتاب

Powered By

EGPV